000 00289nam a22001217a 4500
041 _aENG
100 _aBhattacharya.A.K
245 _aLand Drainage Principles ,Methods And Applications
260 _aNew Delhi
_bVikas
_c2010
300 _a757
650 _aIDE
856 _uNot to be Issued
999 _c2529
_d2529